Flugziele vom Flughafen Münster/Osnabrück (FMO) - Statistiken

Allgemein
  • Dieses Quiz wurde 116 mal gespielt
  • Das Durchschnittsergebnis liegt bei 10 aus 16
Antwortstatistiken
Land Airline(s) Flugziel % Korrekt
Deutschland Lufthansa München / MUC
97%
Deutschland S Lufthansa Frankfurt / FRA
90%
Spanien Condor,Eurowings, Ryanair, SmartLynx Palma de Mallorca / PMI
87%
Türkei Air Anka,Corendon, Mavi Gök, Pegasus, SunExpress Antalya / AYT
71%
Libanon W Sundair Beirut / BEY
67%
Kosovo GP Aviation Pristina / PRN
67%
Ägypten Air Cairo,Corendon Hurghada / HRG
59%
Griechenland S Marabu,SmartLynx Heraklion / HER
52%
Griechenland S SmartLynx Kos / KGS
52%
Spanien SmartLynx Gran Canaria / LPA
51%
Griechenland S SmartLynx Rhodos / RHO
49%
Spanien Ryanair Alicante / ALC
45%
Spanien W Sundair Teneriffa / TFS
43%
Griechenland S Ryanair Korfu / CFU
41%
Kroatien S Ryanair Zadar / ZAD
41%
Spanien SmartLynx Fuerteventura / FUE
39%
Keine übereinstimmenden Quizze gefunden
Verteilung der Resultate
Anzahl Personen mit jedem Resultat
Perzentil nach korrekt beantworteten Fragen
Ihre Resultats-Entwicklung
Sie haben dieses Quiz noch nicht gespielt